|
|
|
|
| LEADER |
00000nab a2200000 ar4500 |
| 001 |
vtls009462033 |
| 003 |
SK-MaSNL |
| 005 |
20260303053749.0 |
| 008 |
090116c2008 xo mr|p|||||||000 b|slo |
| 015 |
|
|
|a SNBRB2009/01
|2 snkbucl
|
| 038 |
|
|
|a SNKBUCL
|
| 040 |
|
|
|a SNKBUCL
|b slo
|c SNKBUCL
|e AACR2
|
| 041 |
0 |
|
|a slo
|
| 044 |
|
|
|a xo
|c SK
|
| 080 |
|
|
|a 629.331.1
|2 2001
|
| 100 |
1 |
|
|a Marianyi, Peter,
|d 1953-
|4 aut
|9 211540
|
| 245 |
1 |
0 |
|a Príjemné pritvrdenie
|c Peter Marianyi
|
| 300 |
|
|
|b Tab.
|
| 650 |
0 |
7 |
|a Citroën C5 (osobný automobil)
|2 snkbucl
|9 870866
|
| 650 |
0 |
7 |
|a osobné automobily
|2 snkbucl
|9 26643
|
| 773 |
0 |
|
|t Revue priemyslu
|g Č. 9 (2008), s. 76-77
|x 1336-9857
|
| 852 |
|
|
|a SNK
|b KIS3GCP
|
| 999 |
|
|
|c 1720549
|d 1722479
|